000 00994nam a2200229Ia 4500
999 _c52496
_d52496
001 19519
003 GE_BSU
005 20230623113622.0
008 181216s1990||||g |||||||||||||| ||geo||
040 _cGE_BSU
041 _ageo
080 _a003.334.2 კ-56
100 _aკიტოვანი, შოთა
_97182
245 _aდიდი საუნჯის საიდუმლოს პატარა გასაღები :
_b[ქართული ანბანისა და დამწერლობის შესახებ] /
_cშოთა კიტოვანი : რედ. გ. გოქაძე.
264 _aთბილისი :
_bსაქართველო,
_c1990.
300 _a61 გვ. ;
_c20 სმ.
541 _h90თ.
653 _aქართული დამწერლობა
653 _aქართული ენა
700 _aგოქაძე, გ.
_eრედაქტორი
_97183
942 _cBK
_2udc